| Tag |
First Indicator |
Second Indicator |
Subfields |
| LEADER |
00000pam a2200000 i 4500 |
| 001 |
in00000374021 |
| 005 |
20151011083129.0 |
| 008 |
770819s1977 nyu b 00010 eng |
| 010 |
|
|
|a 77012813
|
| 020 |
|
|
|a 0030230314 :
|c $16.50
|
| 035 |
|
|
|a (OCoLC)03275312
|
| 035 |
|
|
|9 ABQ1891AM
|
| 040 |
|
|
|a DLC
|c DLC
|d TXA
|d UtOrBLW
|
| 043 |
|
|
|a fe-----
|
| 049 |
|
|
|a TXAM
|c [1536996]
|
| 050 |
0 |
0 |
|a HG3392.A6
|b A2 1977
|
| 082 |
0 |
|
|a 332.1/2/0967
|
| 100 |
1 |
|
|a Abdi, Ali Issa.
|
| 245 |
1 |
0 |
|a Commercial banks and economic development :
|b the experience of eastern Africa /
|c Ali Issa Abdi.
|
| 264 |
|
1 |
|a New York :
|b Praeger,
|c 1977.
|
| 300 |
|
|
|a ix, 148 pages :
|b graphs ;
|c 25 cm.
|
| 336 |
|
|
|a text
|b txt
|2 rdacontent
|
| 337 |
|
|
|a unmediated
|b n
|2 rdamedia
|
| 338 |
|
|
|a volume
|b nc
|2 rdacarrier
|
| 490 |
1 |
|
|a Praeger special studies in international business, finance, and trade
|
| 504 |
|
|
|a Bibliography: pages 143-148.
|
| 650 |
|
0 |
|a Banks and banking
|z Africa, East.
|
| 651 |
|
0 |
|a Developing countries
|x Banks and banking.
|
| 830 |
|
0 |
|a Praeger special studies in international business, finance and trade.
|
| 999 |
|
|
|a MARS
|
| 999 |
f |
f |
|s c8a12463-6fd0-30e7-b118-59d6b2bcf7b5
|i 6c69bd16-f841-36c0-9d19-5b235dd87413
|t 0
|
| 952 |
f |
f |
|p ric
|a Texas A&M University
|b Rellis Campus
|c Joint Library Facility
|d Remote Storage
|t 0
|e HG3392.A6 A2 1977
|h Library of Congress classification
|i unmediated -- volume
|m A14802872670
|
| 998 |
f |
f |
|a HG3392.A6 A2 1977
|t 0
|l Remote Storage
|